000 01381nam a2200205 4500
001 8697
005 20181127190537.0
020 0 0 _a9780324586596
090 0 0 _a337
100 0 0 _aCarbaugh, Robert J.
245 0 0 _aInternational economics /
_b
_cRobert J Carbaugh
_h
250 0 0 _a12th ed
260 0 0 _aMason :
_bSouth-Western Cengage Learning,
_c2009.
300 0 0 _aXXII, 553 s. ; 23 cm.
505 _aCONTENTS: The International Economy and Globalization. 2. Foundations of Modern Trade Theory: Comparative Advantage. 3. Sources of Comparative Advantage. 4. Tariffs. 5. Nontariff Trade Barriers. 6. Trade Regulations and Industrial Policies. 7. Trade Policies for the Developing Nations. 8. Regional Trading Arrangements. 9. International Factor Movements and Multinational Enterprises. 10. The Balance of Payments. 11. Foreign Exchange. 12. Exchange-Rate Determination. 13. Balance-of-Payments Adjustments. 14. Exchange-Rate Adjustments and the Balance of Payments. 15. Exchange- Rate Systems and Currency Crises. 16. Macroeconomic Policy in an Open Economy. 17. International Banking: Reserves, Debt, and Risk.
_g
_r
_t
520 _aOffers easy-to-understand coverage of international trade and finance theory. This title is also suitable for those with little economics background
650 0 0 _a
_x
650 0 0 _a
_x
650 0 0 _aInternational economic relations.
_x
999 _c7537
_d7537